书目信息 |
| 题名: |
从制造到服务
|
|
| 作者: | 张斌 著 | |
| 分册: | ||
| 出版信息: | 北京 中信出版集团股份有限公司, 2021.04 |
|
| 页数: | 205页 | |
| 开本: | ||
| 丛书名: | ||
| 单 册: | ||
| 中图分类: | F123.9 | |
| 科图分类: | ||
| 主题词: | 经济--中国 | |
| 电子资源: | ||
| ISBN: | 978-7-5217-2737-1 | |
| 000 | 01007 00193 | |
| 005 | 20231122151555.79 | |
| 010 | @a978-7-5217-2737-1@dCNY68.00 | |
| 102 | @aCN@b110000 | |
| 200 | 1 | @a从制造到服务 @ACong Zhi Zao Dao Fu Wu Qi Ta Ti Ming@e结构转型期的宏观经济学@f张斌著@FZhang Bin Zhu |
| 210 | @a北京@c中信出版集团股份有限公司,@d2021.04 | |
| 215 | @a205页 | |
| 300 | @a中国经济 -- 转型经济 -- 研究 | |
| 330 | @a本书包含上半场 : 经济结构转型与经济增长、从制造到服务、技术与偏好、高收入国家的经济结构转型、中国经济结构转型的拐点、中国是否过早去工业化、工业部门的成长与前景、增长是个正反馈、转型期后的制造业、双料冠军的潜力和枷锁、真正的短板、参照系、找到短板、慢变量、看不见的围墙、大城市的胜利、看不见的围墙、房价与实体经济、中场 : 经济结构转型与经济波动、货币的偏见、货币与金融资产从何而来等。 | |
| 517 | 1 | @a结构转型期的宏观经济学@AJie Gou Zhuan Xing Qi De Hong Guan Jing Ji Xue |
| 606 | 0 | @a经济@x中国 |
| 690 | @aF123.9@v4 | |
| 701 | 0 | @a张斌@AZhang Bin@4著 |
| 801 | 0 | @b河南城建学院图书馆 |
| 905 | @dF123.9@eZ075 | |
| 从制造到服务 :结构转型期的宏观经济学/张斌著.-北京:中信出版集团股份有限公司,,2021.04 |
| 205页 |
| 中国经济 -- 转型经济 -- 研究 |
| ISBN 978-7-5217-2737-1:CNY68.00 |
| 本书包含上半场 : 经济结构转型与经济增长、从制造到服务、技术与偏好、高收入国家的经济结构转型、中国经济结构转型的拐点、中国是否过早去工业化、工业部门的成长与前景、增长是个正反馈、转型期后的制造业、双料冠军的潜力和枷锁、真正的短板、参照系、找到短板、慢变量、看不见的围墙、大城市的胜利、看不见的围墙、房价与实体经济、中场 : 经济结构转型与经济波动、货币的偏见、货币与金融资产从何而来等。 |
| ● |
| 相关链接 |
|
|
|
正题名:从制造到服务
索取号:F123.9/Z075
 
预约/预借
| 序号 | 登录号 | 条形码 | 馆藏地/架位号 | 状态 | 备注 |
| 1 | 1548348 | 215483484 | 教务处资料室/ [索取号:F123.9/Z075] | 在馆 | |
| 2 | 1548349 | 215483493 | 教务处资料室/ [索取号:F123.9/Z075] | 在馆 |